[Event "20th TCh-RUS 2013"]
[Site "Loo RUS"]
[Date "2013.04.08"]
[Round "2"]
[White "Ibragimov, Ildar"]
[Black "Rozum, Ivan"]
[Result "1/2-1/2"]
[WhiteElo "2567"]
[BlackElo "2473"]
[PlyCount "80"]
[EventDate "2013.04.07"]
[WhiteTeam "Kazan"]
[BlackTeam "M.Chigorin Chess Club"]

1. d4 Nf6 2. c4 e6 3. Nc3 Bb4 4. e3 O-O 5. a3 Bxc3+ 6. bxc3 c5 7. Ne2 Nc6 8.
Ng3 b6 9. e4 Ba6 10. Bg5 h6 11. Be3 Na5 12. e5 Ne8 13. dxc5 Bxc4 14. Bxc4 Nxc4
15. Bxh6 gxh6 16. Qg4+ Qg5 17. Qxc4 Qxe5+ 18. Ne2 Qxc5 19. Qd3 Nf6 20. O-O Kh8
21. Rab1 Rg8 22. Rb5 Qxa3 23. Rb4 Qa5 24. Rb5 Qa6 25. c4 Qb7 26. Ng3 a6 27. Rb3
Qc7 28. Qd4 Rg6 29. Rxb6 Rc8 30. Rc1 Qc5 31. Qb2 d5 32. Ne2 Kg7 33. cxd5 Qxd5
34. Nf4 Qe5 35. Nxe6+ Kh7 36. Nf8+ Kg7 37. Ne6+ Kh7 38. Nf8+ Kg7 39. Ne6+ Kh7
40. Nf8+ Kg7 1/2-1/2

[Event "20th TCh-RUS 2013"]
[Site "Loo RUS"]
[Date "2013.04.08"]
[Round "2"]
[White "Pakhomov, Egor"]
[Black "Iljin, Artem"]
[Result "0-1"]
[WhiteElo "2454"]
[BlackElo "2538"]
[PlyCount "116"]
[EventDate "2013.04.07"]
[WhiteTeam "M.Chigorin Chess Club"]
[BlackTeam "Kazan"]

1. Nf3 Nf6 2. c4 e6 3. Nc3 d5 4. d4 Be7 5. g3 O-O 6. Bg2 dxc4 7. O-O c5 8. dxc5
Qc7 9. e4 e5 10. Nd5 Nxd5 11. Qxd5 Be6 12. Qxe5 Qxe5 13. Nxe5 Bxc5 14. Bf4 Nd7
15. Nxd7 Bxd7 16. Rfd1 Bg4 17. Rd5 Rac8 18. Be3 Bxe3 19. fxe3 Be6 20. Ra5 a6
21. e5 Rc7 22. Rd1 Bc8 23. Ra3 Re8 24. Rc3 Kf8 25. b3 Rxe5 26. bxc4 Be6 27. Rd6
Rec5 28. Rb6 Rxc4 29. Rxc4 Rxc4 30. Bxb7 a5 31. Ra6 Rc1+ 32. Kf2 Rc2+ 33. Kf3
Rxa2 34. Ra7 g5 35. e4 Ra3+ 36. Kf2 Kg7 37. Bd5 Kf6 38. Bxe6 Kxe6 39. h4 g4 40.
h5 Ke5 41. Kg2 Ra2+ 42. Kg1 a4 43. Re7+ Kd4 44. Rxf7 a3 45. Ra7 Kxe4 46. h6 Kf3
47. Rxh7 Kxg3 48. Kf1 Ra1+ 49. Ke2 a2 50. Ra7 Rh1 51. Ra3+ Kf4 52. Ra4+ Kg5 53.
h7 Rxh7 54. Ke3 Rh3+ 55. Ke4 Rh2 56. Ke3 Rb2 57. Ra8 g3 58. Ra5+ Kf6 0-1

[Event "20th TCh-RUS 2013"]
[Site "Loo RUS"]
[Date "2013.04.08"]
[Round "2"]
[White "Sharafiev, Azat"]
[Black "Usmanov, Vasily"]
[Result "1/2-1/2"]
[WhiteElo "2451"]
[BlackElo "2367"]
[PlyCount "99"]
[EventDate "2013.04.07"]
[WhiteTeam "Kazan"]
[BlackTeam "M.Chigorin Chess Club"]

1. d4 d5 2. c4 e6 3. Nc3 Be7 4. cxd5 exd5 5. Bf4 c6 6. e3 Bd6 7. Nge2 Ne7 8.
Bxd6 Qxd6 9. Ng3 Nd7 10. Bd3 O-O 11. O-O g6 12. Qd2 Nf6 13. f3 c5 14. Nb5 Qc6
15. dxc5 a6 16. a4 Bd7 17. Nd6 Qxc5 18. Nxb7 Qb6 19. Na5 Rfb8 20. Rfb1 h5 21.
b4 h4 22. Ne2 h3 23. g4 Nh7 24. Nd4 Ng5 25. Kh1 Qf6 26. Rf1 Ne6 27. Be2 Nxd4
28. exd4 Qd6 29. Rfb1 Rb6 30. Nb3 Rxb4 31. Nc5 Rxb1+ 32. Rxb1 Bc8 33. Bf1 Rb8
34. Re1 Kg7 35. Bxh3 Nc6 36. Nd3 Qf6 37. Nf4 Qxd4 38. Nh5+ gxh5 39. Qg5+ Kh7
40. Qxh5+ Kg7 41. Qg5+ Kh7 42. Qh5+ Kg7 43. Qg5+ Kh7 44. Qh5+ Kg7 45. Qg5+ Kh7
46. Qh5+ Kg7 47. Qg5+ Kh7 48. Qh5+ Kg7 49. Qg5+ Kh7 50. Qh5+ 1/2-1/2

[Event "20th TCh-RUS 2013"]
[Site "Loo RUS"]
[Date "2013.04.09"]
[Round "3"]
[White "Kamsky, Gata"]
[Black "Svidler, Peter"]
[Result "1/2-1/2"]
[WhiteElo "2741"]
[BlackElo "2747"]
[PlyCount "127"]
[EventDate "2013.04.07"]
[WhiteTeam "Kazan"]
[BlackTeam "SPb Chess Fed"]

1. d4 Nf6 2. Nf3 g6 3. Bf4 Bg7 4. c3 O-O 5. h3 b6 6. Nbd2 Bb7 7. e3 c5 8. Be2
d6 9. O-O Nbd7 10. Re1 a6 11. a4 cxd4 12. exd4 Nd5 13. Bh2 Bh6 14. Bf1 a5 15.
Nc4 N7f6 16. Na3 Bf4 17. Bxf4 Nxf4 18. g3 N4d5 19. Bg2 e6 20. Qd2 Kg7 21. Nh2
Rb8 22. Ng4 Nxg4 23. hxg4 h6 24. Nb5 Nc7 25. c4 Bxg2 26. Kxg2 d5 27. Qf4 Nxb5
28. cxb5 Qf6 29. Qe3 Rbc8 30. Rac1 Qg5 31. Qxg5 hxg5 32. Kf3 Kf6 33. b3 Ke7 34.
Ke3 Kd7 35. Kd2 Rxc1 36. Rxc1 Rc8 37. Rh1 Ke7 38. f4 gxf4 39. gxf4 Kf6 40. Rh7
Rf8 41. Kc3 Rc8+ 42. Kb2 Ke7 43. Rh3 Kd7 44. Rh2 Ke7 45. g5 Kd7 46. Rh7 Ke7 47.
Rh3 Kd7 48. Ka3 Kd6 49. Rh7 Ke7 50. Kb2 Rf8 51. b4 axb4 52. Rh2 Rc8 53. Rc2 Rc4
54. Kb3 Rxd4 55. a5 Rd3+ 56. Kb2 Kd7 57. a6 Ra3 58. Rc1 d4 59. Rc4 Kd6 60. Rxb4
Ra5 61. Rb3 Kc7 62. Rb4 Kd6 63. Rb3 Kc7 64. Rb4 1/2-1/2

[Event "20th TCh-RUS 2013"]
[Site "Loo RUS"]
[Date "2013.04.09"]
[Round "3"]
[White "Vitiugov, Nikita"]
[Black "Timofeev, Artyom"]
[Result "1-0"]
[WhiteElo "2712"]
[BlackElo "2616"]
[PlyCount "119"]
[EventDate "2013.04.07"]
[WhiteTeam "SPb Chess Fed"]
[BlackTeam "Kazan"]

1. d4 Nf6 2. c4 g6 3. f3 d5 4. cxd5 Nxd5 5. e4 Nb6 6. Nc3 Bg7 7. Be3 O-O 8. Qd2
e5 9. d5 c6 10. h4 cxd5 11. exd5 N8d7 12. h5 Nf6 13. hxg6 fxg6 14. O-O-O Bd7
15. Kb1 Rc8 16. Ka1 Na4 17. Nge2 e4 18. Bd4 Qa5 19. Nxe4 Qxd2 20. Nxf6+ Rxf6
21. Rxd2 Rd6 22. Bxg7 Kxg7 23. b3 Nb6 24. Nf4 Be8 25. Bd3 Bf7 26. Be4 Nd7 27.
g4 Re8 28. Rdh2 Nf6 29. g5 Nh5 30. Nxh5+ gxh5 31. Kb2 Re5 32. Rxh5 Bxh5 33.
Rxh5 Rg6 34. Kc3 Rgxg5 35. Rxh7+ Kf6 36. Rxb7 Re7 37. Rb8 Ke5 38. Kd3 Rg1 39.
Rh8 Rd1+ 40. Kc2 Ra1 41. Rh5+ Kd6 42. Kb2 Rd1 43. Rh6+ Ke5 44. Ra6 Rg7 45. Kc2
Ra1 46. Kd3 Rd1+ 47. Kc4 Rc1+ 48. Kb4 Kd4 49. Ra5 Ke5 50. Rb5 Kd6 51. Rb8 Rg2
52. a4 Rh2 53. Rd8+ Ke7 54. Rg8 Rc7 55. Rg6 Rd2 56. Ka5 Rd4 57. Ka6 Rc3 58.
Kxa7 Rxb3 59. a5 Rdb4 60. d6+ 1-0

[Event "20th TCh-RUS 2013"]
[Site "Loo RUS"]
[Date "2013.04.09"]
[Round "3"]
[White "Atalik, Suat"]
[Black "Dominguez Perez, Leinier"]
[Result "1/2-1/2"]
[WhiteElo "2593"]
[BlackElo "2723"]
[PlyCount "118"]
[EventDate "2013.04.07"]
[WhiteTeam "Kazan"]
[BlackTeam "SPb Chess Fed"]

1. d4 Nf6 2. c4 g6 3. Nc3 d5 4. Nf3 Bg7 5. Qb3 dxc4 6. Qxc4 O-O 7. e4 Na6 8.
Be2 c5 9. d5 e6 10. O-O exd5 11. exd5 Re8 12. Bf4 Bf5 13. Rad1 Ne4 14. Nb5 Qf6
15. Bd3 Bd7 16. Be5 Bxb5 17. Qxb5 Rxe5 18. Qxb7 Ree8 19. d6 Nxd6 20. Qxa6 Nf5
21. Qxf6 Bxf6 22. Bxf5 gxf5 23. Rd2 c4 24. Rc1 Rec8 25. g3 Rab8 26. Rcc2 Rc5
27. Kg2 a5 28. Re2 a4 29. Nd2 Rb4 30. f4 Kg7 31. Nf3 c3 32. bxc3 Rxc3 33. Rxc3
Bxc3 34. Kf2 Bf6 35. Rc2 h5 36. Ke3 Kg6 37. Rc6 Kg7 38. Ra6 Rc4 39. Kd2 h4 40.
Ne5 hxg3 41. hxg3 Bxe5 42. fxe5 Re4 43. a3 Rg4 44. Ke2 Rxg3 45. Rxa4 Kg6 46.
Kf2 Rb3 47. Ra6+ Kg5 48. Rf6 Rb7 49. a4 Kf4 50. a5 Rb2+ 51. Kf1 Ra2 52. a6 Kxe5
53. Rxf7 Rxa6 54. Rb7 Kf4 55. Rb4+ Kg3 56. Rb3+ Kg4 57. Rc3 f4 58. Rb3 Re6 59.
Ra3 Rb6 1/2-1/2

[Event "20th TCh-RUS 2013"]
[Site "Loo RUS"]
[Date "2013.04.09"]
[Round "3"]
[White "Iljin, Artem"]
[Black "Efimenko, Zahar"]
[Result "0-1"]
[WhiteElo "2538"]
[BlackElo "2697"]
[PlyCount "90"]
[EventDate "2013.04.07"]
[WhiteTeam "Kazan"]
[BlackTeam "SPb Chess Fed"]

1. Nf3 g6 2. d4 Bg7 3. g3 c5 4. c3 Qc7 5. Bg2 Nf6 6. O-O O-O 7. a4 d6 8. a5 Na6
9. Bg5 Bd7 10. Nbd2 h6 11. Bxf6 Bxf6 12. e3 Rfe8 13. Qb3 Rab8 14. Rfd1 Bg7 15.
Bf1 Rf8 16. Qa3 Qc8 17. Rdc1 cxd4 18. exd4 Nc7 19. Re1 Qd8 20. Qb3 Bc6 21. Bg2
e6 22. Re3 Qd7 23. Ne1 Nd5 24. Rd3 b6 25. axb6 Rxb6 26. Qa2 Rb7 27. Nc4 Rc7 28.
Ne3 Nxe3 29. Bxc6 Qxc6 30. Rxe3 h5 31. Qa6 Qd7 32. h4 Rb8 33. Nd3 Rb6 34. Qa4
Qc8 35. Re2 Kh7 36. Qa5 Qb7 37. Qa4 Bh6 38. Qd1 Rb5 39. Re1 Bg7 40. Ra4 e5 41.
dxe5 dxe5 42. c4 Rb3 43. Nxe5 Re7 44. Ra5 Rxb2 45. Qd5 Rb1 0-1

[Event "20th TCh-RUS 2013"]
[Site "Loo RUS"]
[Date "2013.04.09"]
[Round "3"]
[White "Matlakov, Maxim"]
[Black "Hasangatin, Ramil"]
[Result "1-0"]
[WhiteElo "2653"]
[BlackElo "2496"]
[PlyCount "67"]
[EventDate "2013.04.07"]
[WhiteTeam "SPb Chess Fed"]
[BlackTeam "Kazan"]

1. Nf3 d5 2. d4 Nf6 3. c4 dxc4 4. e3 Bg4 5. Bxc4 e6 6. h3 Bh5 7. Nc3 a6 8. g4
Bg6 9. Ne5 Nbd7 10. Nxg6 hxg6 11. Qf3 b5 12. Bb3 c5 13. g5 Ng8 14. d5 e5 15.
Ne4 c4 16. Bc2 Nb6 17. d6 Bxd6 18. Bd2 Be7 19. O-O-O Qb8 20. Ba5 Ra7 21. Nc3
Bxg5 22. Qg2 Bf6 23. Qc6+ Nd7 24. Nd5 Ne7 25. Nxe7 Bxe7 26. Rd2 Qb7 27. Be4
Qxc6 28. Bxc6 Bd8 29. Bxd8 Kxd8 30. Rhd1 Ke7 31. Rxd7+ Rxd7 32. Rxd7+ Ke6 33.
Ra7 Kd6 34. Bg2 1-0

[Event "20th TCh-RUS 2013"]
[Site "Loo RUS"]
[Date "2013.04.09"]
[Round "3"]
[White "Karjakin, Sergey"]
[Black "Ivanchuk, Vassily"]
[Result "1/2-1/2"]
[WhiteElo "2786"]
[BlackElo "2757"]
[PlyCount "73"]
[EventDate "2013.04.07"]
[WhiteTeam "Malakhit"]
[BlackTeam "Economist-SGSEU"]

1. e4 c5 2. Nf3 Nc6 3. d4 cxd4 4. Nxd4 e6 5. Nc3 a6 6. Nxc6 bxc6 7. Bd3 d5 8.
O-O Nf6 9. Re1 Be7 10. e5 Nd7 11. Qg4 Kf8 12. b3 c5 13. Na4 Bb7 14. c4 d4 15.
Bd2 Qc7 16. Qf4 g5 17. Qg3 h5 18. f4 h4 19. Qf2 gxf4 20. Bxf4 Kg7 21. Re2 Rag8
22. Rf1 Qd8 23. Nb2 Qe8 24. Be4 Bxe4 25. Rxe4 Rh5 26. Qe2 Rf5 27. Nd3 Nf8 28.
Bc1 Ng6 29. Rxf5 exf5 30. Qd2 Rh8 31. Re1 h3 32. g3 Qc6 33. Qe2 a5 34. Rf1 Qe4
35. Re1 Qc6 36. Rf1 Qe4 37. Re1 1/2-1/2

[Event "20th TCh-RUS 2013"]
[Site "Loo RUS"]
[Date "2013.04.09"]
[Round "3"]
[White "Mamedyarov, Shakhriyar"]
[Black "Tomashevsky, Evgeny"]
[Result "1-0"]
[WhiteElo "2766"]
[BlackElo "2722"]
[PlyCount "75"]
[EventDate "2013.04.07"]
[WhiteTeam "Malakhit"]
[BlackTeam "Economist-SGSEU"]

1. d4 d5 2. c4 c6 3. Nc3 Nf6 4. e3 a6 5. Qc2 e6 6. Nf3 c5 7. cxd5 exd5 8. Be2
Be6 9. O-O Nc6 10. Rd1 cxd4 11. Nxd4 Nxd4 12. Rxd4 Bc5 13. Rd1 Qe7 14. Na4 Bd6
15. Nb6 Rd8 16. Qa4+ Kf8 17. Bd2 h5 18. Rac1 Kg8 19. h3 Ne4 20. Be1 Bb8 21. Qb4
Qe8 22. Qa5 d4 23. Bf3 f5 24. Rxd4 Rxd4 25. exd4 Qg6 26. d5 Bf7 27. Nd7 Bd6 28.
Bxe4 fxe4 29. Bb4 Kh7 30. Bxd6 Qxd6 31. Qc7 Qxd5 32. Rc5 Qe6 33. Ne5 Bg6 34.
Qxb7 Rd8 35. Nxg6 Rd1+ 36. Kh2 Qxg6 37. Qe7 Kh6 38. Re5 1-0

[Event "20th TCh-RUS 2013"]
[Site "Loo RUS"]
[Date "2013.04.09"]
[Round "3"]
[White "Andreikin, Dmitry"]
[Black "Shirov, Alexei"]
[Result "1/2-1/2"]
[WhiteElo "2727"]
[BlackElo "2700"]
[PlyCount "81"]
[EventDate "2013.04.07"]
[WhiteTeam "Economist-SGSEU"]
[BlackTeam "Malakhit"]

1. Nf3 d5 2. d4 Nf6 3. c4 c6 4. Nc3 e6 5. g3 dxc4 6. Bg2 b5 7. O-O Bb7 8. Bg5
Be7 9. a4 a6 10. e4 h6 11. Bxf6 Bxf6 12. axb5 axb5 13. Rxa8 Bxa8 14. Qa1 Nd7
15. Qa7 O-O 16. e5 Be7 17. Nd2 Bb4 18. Nde4 Ba5 19. Nc5 Nxc5 20. dxc5 Qc7 21.
Qxc7 Bxc7 22. f4 Ba5 23. Ra1 Bb4 24. Ne4 f5 25. exf6 gxf6 26. Nxf6+ Rxf6 27.
Rxa8+ Rf8 28. Rxf8+ Kxf8 29. Bxc6 Bxc5+ 30. Kg2 b4 31. Bb5 c3 32. bxc3 bxc3 33.
Bd3 e5 34. fxe5 Bd4 35. e6 Ke7 36. Bf5 c2 37. Bxc2 Kxe6 38. Kf3 Kf6 39. Kg4 Bg1
40. h4 Bf2 41. Kh5 1/2-1/2

[Event "20th TCh-RUS 2013"]
[Site "Loo RUS"]
[Date "2013.04.09"]
[Round "3"]
[White "Bologan, Viktor"]
[Black "Alekseev, Evgeny"]
[Result "1/2-1/2"]
[WhiteElo "2681"]
[BlackElo "2695"]
[PlyCount "76"]
[EventDate "2013.04.07"]
[WhiteTeam "Malakhit"]
[BlackTeam "Economist-SGSEU"]

1. e4 e5 2. Nf3 Nc6 3. Bb5 Nf6 4. O-O Nxe4 5. d4 Nd6 6. Bxc6 dxc6 7. dxe5 Nf5
8. Qxd8+ Kxd8 9. Rd1+ Ke8 10. Nc3 Ne7 11. h3 Ng6 12. Be3 Be7 13. Ne2 f6 14.
exf6 gxf6 15. Nf4 Kf7 16. Nxg6 hxg6 17. Bf4 Bd8 18. Nd4 a6 19. Rd2 c5 20. Ne2
Bf5 21. c4 Rc8 22. Nc3 Rh4 23. g4 Be6 24. Rad1 Be7 25. Re1 Re8 26. Re3 Bd8 27.
b3 f5 28. Rxd8 Rxd8 29. Bg5 Rdh8 30. Bxh4 Rxh4 31. g5 f4 32. Re5 Bxh3 33. f3
Bf5 34. Rxc5 c6 35. Ne2 Bb1 36. Nc3 Bf5 37. Ne2 Bb1 38. Nc3 Bf5 1/2-1/2

[Event "20th TCh-RUS 2013"]
[Site "Loo RUS"]
[Date "2013.04.09"]
[Round "3"]
[White "Jakovenko, Dmitry"]
[Black "Sutovsky, Emil"]
[Result "1/2-1/2"]
[WhiteElo "2734"]
[BlackElo "2671"]
[PlyCount "57"]
[EventDate "2013.04.07"]
[WhiteTeam "Yugra"]
[BlackTeam "Navigator"]

1. Nf3 Nf6 2. c4 g6 3. Nc3 d5 4. cxd5 Nxd5 5. Qb3 Nb6 6. d4 Bg7 7. e4 Bg4 8.
Bb5+ c6 9. Ng5 O-O 10. Be2 Bxe2 11. Nxe2 Na6 12. Qh3 h6 13. Nf3 h5 14. Rg1 Nd7
15. g4 Nf6 16. Ng5 hxg4 17. Rxg4 Qc8 18. f3 Rd8 19. e5 Nxg4 20. fxg4 f6 21.
Qh7+ Kf8 22. Qxg6 fxg5 23. e6 Kg8 24. Bxg5 Rd5 25. Qf7+ Kh8 26. Qh5+ Kg8 27.
Qf7+ Kh8 28. Qh5+ Kg8 29. Qf7+ 1/2-1/2

[Event "20th TCh-RUS 2013"]
[Site "Loo RUS"]
[Date "2013.04.09"]
[Round "3"]
[White "Sasikiran, Krishnan"]
[Black "Leko, Peter"]
[Result "1/2-1/2"]
[WhiteElo "2663"]
[BlackElo "2744"]
[PlyCount "81"]
[EventDate "2013.04.07"]
[WhiteTeam "Navigator"]
[BlackTeam "Yugra"]

1. d4 Nf6 2. c4 e6 3. g3 d5 4. Bg2 Be7 5. Nf3 O-O 6. O-O dxc4 7. Qa4 a6 8. Qxc4
b5 9. Qc2 Bb7 10. Bd2 Bd6 11. Rd1 Nbd7 12. Ba5 Qb8 13. b4 e5 14. Nc3 exd4 15.
Nxd4 Bxg2 16. Kxg2 Qb7+ 17. Kg1 Rfe8 18. a4 Be5 19. axb5 Bxd4 20. Rxd4 axb5 21.
Rad1 Ne5 22. Nd5 Nxd5 23. Rxd5 c6 24. Rd6 Qe7 25. Qf5 Nc4 26. Rd7 Qe6 27. Qxe6
Rxe6 28. Ra7 Ree8 29. Rdd7 Rxa7 30. Rxa7 g6 31. e3 Nxa5 32. bxa5 Re4 33. Rc7
Ra4 34. Rxc6 Rxa5 35. Rb6 Ra1+ 36. Kg2 Rb1 37. g4 b4 38. g5 b3 39. Kf3 b2 40.
h4 Kg7 41. Ke4 1/2-1/2

[Event "20th TCh-RUS 2013"]
[Site "Loo RUS"]
[Date "2013.04.09"]
[Round "3"]
[White "Korobov, Anton"]
[Black "Safarli, Eltaj"]
[Result "1/2-1/2"]
[WhiteElo "2698"]
[BlackElo "2644"]
[PlyCount "83"]
[EventDate "2013.04.07"]
[WhiteTeam "Yugra"]
[BlackTeam "Navigator"]

1. c4 Nf6 2. Nc3 d5 3. cxd5 Nxd5 4. g3 g6 5. Bg2 Nb6 6. h4 h5 7. d3 Bg7 8. Nf3
Nc6 9. Be3 O-O 10. Qd2 Bg4 11. Rc1 e5 12. Bh6 Re8 13. O-O Nd4 14. Bxg7 Kxg7 15.
Nxd4 exd4 16. Ne4 c6 17. Rfe1 Nd5 18. Nc5 b6 19. Ne4 c5 20. a3 a5 21. e3 dxe3
22. fxe3 Ra7 23. Nc3 Nxc3 24. Qxc3+ Qf6 25. d4 cxd4 26. exd4 Rc8 27. Bc6 Bd7
28. d5 Bxc6 29. Qxf6+ Kxf6 30. Rxc6+ Rxc6 31. dxc6 Rc7 32. Rc1 Ke6 33. b4 axb4
34. axb4 b5 35. Rc5 Kd6 36. Kf2 Rxc6 37. Rxb5 Rc2+ 38. Kf3 Rc3+ 39. Kf4 Rc4+
40. Kf3 Rc3+ 41. Kf4 Rc4+ 42. Kf3 1/2-1/2

[Event "20th TCh-RUS 2013"]
[Site "Loo RUS"]
[Date "2013.04.09"]
[Round "3"]
[White "Rublevsky, Sergei"]
[Black "Yemelin, Vasily"]
[Result "1-0"]
[WhiteElo "2688"]
[BlackElo "2588"]
[PlyCount "109"]
[EventDate "2013.04.07"]
[WhiteTeam "Yugra"]
[BlackTeam "Navigator"]

1. e4 e5 2. Nf3 Nc6 3. Bb5 a6 4. Ba4 Nf6 5. d3 d6 6. c3 g6 7. O-O Bg7 8. Re1 b5
9. Bc2 O-O 10. Bg5 h6 11. Bh4 Re8 12. Nbd2 Bb7 13. a4 Qb8 14. b4 Bc8 15. Nf1
Be6 16. Ne3 Ne7 17. d4 Ng4 18. Nxg4 Bxg4 19. dxe5 dxe5 20. h3 Be6 21. Bb3 Bxb3
22. Qxb3 Nc8 23. Nd2 Nd6 24. c4 bxc4 25. Nxc4 Nxc4 26. Qxc4 Bf8 27. Rab1 Re6
28. Red1 Rd6 29. Rd5 Rxd5 30. Qxd5 Qe8 31. Rc1 Bd6 32. Rc6 g5 33. Bg3 Kg7 34.
f3 Rb8 35. Rxa6 Rxb4 36. Ra8 Qe6 37. Qxe6 fxe6 38. Bf2 Rb1+ 39. Kh2 Rb2 40. Bg1
Rc2 41. a5 Bc5 42. Bxc5 Rxc5 43. a6 Ra5 44. Kg3 Ra2 45. a7 Kf7 46. Kg4 Rxg2+
47. Kh5 Ra2 48. Kxh6 Ra1 49. Kxg5 Ra2 50. Kh6 Ra1 51. h4 Ra2 52. h5 Ra1 53. Kg5
Kg7 54. h6+ Kh7 55. Kf6 1-0

[Event "20th TCh-RUS 2013"]
[Site "Loo RUS"]
[Date "2013.04.09"]
[Round "3"]
[White "Mozharov, Mikhail"]
[Black "Khismatullin, Denis"]
[Result "1/2-1/2"]
[WhiteElo "2523"]
[BlackElo "2640"]
[PlyCount "82"]
[EventDate "2013.04.07"]
[WhiteTeam "Navigator"]
[BlackTeam "Yugra"]

1. Nf3 c5 2. c4 Nc6 3. Nc3 g6 4. e3 Nf6 5. d4 cxd4 6. exd4 d5 7. cxd5 Nxd5 8.
Qb3 Nxc3 9. Bc4 e6 10. bxc3 Bg7 11. Ba3 Bf8 12. Bxf8 Kxf8 13. O-O Kg7 14. Qb5
Qc7 15. Be2 Rd8 16. Rfd1 Bd7 17. Qb2 f6 18. c4 Qb6 19. Qa3 Qb4 20. Qe3 Qd6 21.
h4 h5 22. c5 Qd5 23. Rac1 Qxa2 24. Bc4 Qa5 25. Bxe6 Re8 26. d5 Bxe6 27. dxe6
Re7 28. Nd4 Nxd4 29. Rxd4 Rae8 30. Rd6 Qb4 31. g3 Qg4 32. c6 bxc6 33. Rcxc6 Qb4
34. Ra6 Qb8 35. Kh2 Qb4 36. Rd4 Qc5 37. Rad6 Qe5 38. Qxe5 fxe5 39. Ra4 Kf6 40.
Rd7 Kxe6 41. Rdxa7 Rxa7 1/2-1/2

[Event "20th TCh-RUS 2013"]
[Site "Loo RUS"]
[Date "2013.04.09"]
[Round "3"]
[White "Caruana, Fabiano"]
[Black "Jobava, Baadur"]
[Result "1-0"]
[WhiteElo "2772"]
[BlackElo "2702"]
[PlyCount "75"]
[EventDate "2013.04.07"]
[WhiteTeam "SHSM Nashe Nasledie Moskow"]
[BlackTeam "PGMB Rostov"]

1. d4 Nf6 2. c4 d6 3. Nf3 g6 4. Nc3 Bf5 5. d5 Na6 6. Nd4 Bd7 7. e4 Nc5 8. f3 a5
9. Be3 Bg7 10. Qd2 O-O 11. Be2 e5 12. dxe6 fxe6 13. Ndb5 e5 14. O-O-O Ne6 15.
g4 b6 16. h4 Be8 17. Kb1 Kh8 18. Nd5 Nxd5 19. cxd5 Nc5 20. Nc3 a4 21. h5 gxh5
22. gxh5 Bf6 23. Rdg1 Bf7 24. Rg5 Rg8 25. Rf5 Rg2 26. Qe1 Qe7 27. Bf1 Rgg8 28.
Bb5 Bg5 29. f4 Bf6 30. Rf1 Raf8 31. Rxf6 Qxf6 32. fxe5 Qxe5 33. Rf5 Qh2 34.
Bd4+ Rg7 35. Qc1 Kg8 36. Bxg7 Kxg7 37. Qg5+ Kh8 38. h6 1-0

[Event "20th TCh-RUS 2013"]
[Site "Loo RUS"]
[Date "2013.04.09"]
[Round "3"]
[White "Cheparinov, Ivan"]
[Black "Nepomniachtchi, Ian"]
[Result "0-1"]
[WhiteElo "2702"]
[BlackElo "2708"]
[PlyCount "88"]
[EventDate "2013.04.07"]
[WhiteTeam "PGMB Rostov"]
[BlackTeam "SHSM Nashe Nasledie Moskow"]

1. e4 c5 2. Nf3 d6 3. d4 cxd4 4. Nxd4 Nf6 5. Nc3 a6 6. Be3 e5 7. Nb3 Be6 8. Qd2
Nbd7 9. O-O-O b5 10. f4 Rc8 11. Kb1 Be7 12. h3 h5 13. Bd3 h4 14. Rhe1 Qc7 15.
Qf2 Qb7 16. f5 Bc4 17. Na5 Qa8 18. Nxc4 bxc4 19. Bf1 Nxe4 20. Nxe4 Qxe4 21. Bc1
Qb7 22. g4 hxg3 23. Qxg3 Kf8 24. Bg2 Qb6 25. Rg1 Rh7 26. Be3 Qb8 27. c3 Nf6 28.
Rd2 Rd8 29. h4 Qc8 30. Rf1 e4 31. Bh3 d5 32. Bg5 Qc6 33. Rfd1 Re8 34. Bg2 Bd6
35. Qe1 Be5 36. Qe2 Qc8 37. Rf1 Nh5 38. Rxd5 Ng3 39. Qf2 Nxf1 40. Bxf1 Bxc3 41.
Rc5 Qb7 42. Bxc4 e3 43. Qe2 Bf6 44. Bd5 Qe7 0-1

[Event "20th TCh-RUS 2013"]
[Site "Loo RUS"]
[Date "2013.04.09"]
[Round "3"]
[White "Le, Quang Liem"]
[Black "Sjugirov, Sanan"]
[Result "1/2-1/2"]
[WhiteElo "2717"]
[BlackElo "2657"]
[PlyCount "58"]
[EventDate "2013.04.07"]
[WhiteTeam "SHSM Nashe Nasledie Moskow"]
[BlackTeam "PGMB Rostov"]

1. Nf3 Nf6 2. c4 g6 3. Nc3 Bg7 4. d4 O-O 5. g3 c5 6. d5 d6 7. Bg2 e6 8. O-O
exd5 9. cxd5 Re8 10. Nd2 a6 11. a4 Nbd7 12. h3 Rb8 13. Nc4 Ne5 14. Na3 Nh5 15.
e4 Bd7 16. a5 b5 17. axb6 Bb5 18. Naxb5 axb5 19. Nxb5 Qxb6 20. Nc3 c4 21. g4
Nf6 22. Be3 Qxb2 23. Bd4 Nfd7 24. Rb1 Qa3 25. Nb5 Qa5 26. Bc3 Qb6 27. Bd4 Qa5
28. Bc3 Qb6 29. Bd4 Qa5 1/2-1/2

[Event "20th TCh-RUS 2013"]
[Site "Loo RUS"]
[Date "2013.04.09"]
[Round "3"]
[White "Azarov, Sergei"]
[Black "Wojtaszek, Radoslaw"]
[Result "1/2-1/2"]
[WhiteElo "2626"]
[BlackElo "2700"]
[PlyCount "89"]
[EventDate "2013.04.07"]
[WhiteTeam "PGMB Rostov"]
[BlackTeam "SHSM Nashe Nasledie Moskow"]

1. e4 c5 2. Nf3 d6 3. d4 cxd4 4. Nxd4 Nf6 5. Nc3 a6 6. Bg5 e6 7. f4 h6 8. Bh4
Qb6 9. a3 Be7 10. Bf2 Qc7 11. Qf3 Nbd7 12. O-O-O b5 13. g4 Bb7 14. Bd3 g5 15.
f5 Ne5 16. Qe2 Nxd3+ 17. cxd3 e5 18. Nc2 h5 19. gxh5 Nxh5 20. Kb1 Nf4 21. Qf3
Qd7 22. Qg4 Bf6 23. h4 gxh4 24. Bxh4 Rxh4 25. Rxh4 Bxh4 26. Qxh4 Qe7 27. f6 Qe6
28. d4 O-O-O 29. d5 Qd7 30. Rg1 Ng6 31. Qf2 Qc7 32. Rh1 Kb8 33. Rh7 Rh8 34.
Rxh8+ Nxh8 35. Qh4 Ng6 36. Qh7 Nf4 37. Qg8+ Ka7 38. Nb4 Kb6 39. Qe8 Nh5 40. Qh8
Nf4 41. Qf8 Nh5 42. Nc6 Nxf6 43. Qg7 Nxe4 44. Nxe4 Bxc6 45. Qg1+ 1/2-1/2

[Event "20th TCh-RUS 2013"]
[Site "Loo RUS"]
[Date "2013.04.09"]
[Round "3"]
[White "Grachev, Boris"]
[Black "Smirnov, Pavel"]
[Result "1/2-1/2"]
[WhiteElo "2693"]
[BlackElo "2628"]
[PlyCount "80"]
[EventDate "2013.04.07"]
[WhiteTeam "SHSM Nashe Nasledie Moskow"]
[BlackTeam "PGMB Rostov"]

1. d4 Nf6 2. c4 e6 3. Nc3 Bb4 4. e3 O-O 5. Bd3 d5 6. Nf3 dxc4 7. Bxc4 c5 8. O-O
cxd4 9. exd4 b6 10. Bg5 Bb7 11. Rc1 Nc6 12. a3 Bxc3 13. Rxc3 Rc8 14. Ba2 Ne7
15. Rxc8 Qxc8 16. Ne5 Ng6 17. Re1 Bd5 18. Bb1 Qb7 19. f3 Nd7 20. Ng4 h6 21.
Bxg6 fxg6 22. Bh4 g5 23. Bg3 Nf6 24. Ne3 Rc8 25. h3 Qf7 26. Qe2 Bb7 27. Ng4
Nxg4 28. hxg4 Bd5 29. Qd2 Qg6 30. Rc1 Rxc1+ 31. Qxc1 h5 32. gxh5 Qxh5 33. Qc8+
Kh7 34. Qc2+ Qg6 35. Qxg6+ Kxg6 36. Be5 a6 37. Kf2 b5 38. b4 Bc4 39. Ke3 Bd5
40. g4 Bb7 1/2-1/2

[Event "20th TCh-RUS 2013"]
[Site "Loo RUS"]
[Date "2013.04.09"]
[Round "3"]
[White "Popov, Ivan RUS"]
[Black "Dubov, Daniil"]
[Result "0-1"]
[WhiteElo "2627"]
[BlackElo "2614"]
[PlyCount "60"]
[EventDate "2013.04.07"]
[WhiteTeam "PGMB Rostov"]
[BlackTeam "SHSM Nashe Nasledie Moskow"]

1. e4 c5 2. c3 e6 3. d4 d5 4. e5 Nc6 5. Nf3 Qb6 6. Be2 Nh6 7. b4 cxb4 8. O-O
Bd7 9. c4 Nf5 10. c5 Qd8 11. a3 bxa3 12. Nxa3 a6 13. g4 Nfe7 14. h3 Ng6 15. Rb1
Rb8 16. Nc2 Be7 17. Nh2 O-O 18. f4 Nh4 19. Be3 b6 20. cxb6 Rxb6 21. Qd3 a5 22.
Rxb6 Qxb6 23. f5 exf5 24. Bf2 Ng6 25. Qf3 fxg4 26. Nxg4 Be6 27. Bd3 Bg5 28. h4
Bxh4 29. Bxh4 Bxg4 30. Qxg4 Ncxe5 0-1

[Event "20th TCh-RUS 2013"]
[Site "Loo RUS"]
[Date "2013.04.09"]
[Round "3"]
[White "Shomoev, Anton"]
[Black "Savchenko, Boris"]
[Result "1/2-1/2"]
[WhiteElo "2543"]
[BlackElo "2604"]
[PlyCount "118"]
[EventDate "2013.04.07"]
[WhiteTeam "Politekhnik"]
[BlackTeam "Belorechensk"]

1. d4 e6 2. g3 c5 3. Nf3 b5 4. Bg2 Bb7 5. c3 Nf6 6. O-O Nc6 7. Bg5 Qb6 8. Bxf6
gxf6 9. e4 Bg7 10. Na3 cxd4 11. cxd4 f5 12. exf5 Nxd4 13. Nxd4 Bxg2 14. Kxg2
Bxd4 15. Qe2 a6 16. Rad1 Bg7 17. Rd3 O-O 18. Rfd1 Qc5 19. Rf3 Qe5 20. Qd2 Qxb2
21. Qg5 h6 22. Qg4 exf5 23. Qxf5 Rac8 24. Rxd7 b4 25. Nb1 Qxa2 26. Rf4 a5 27.
Rg4 Qc2 28. Qe5 Qh7 29. Nd2 Rcd8 30. Rxd8 Rxd8 31. Qxa5 Qd3 32. Nf3 b3 33. Qe5
Qh7 34. Qf6 Rf8 35. Qb6 Qd3 36. Qxh6 Qc3 37. Qg5 f5 38. Rh4 b2 39. Qg6 Qxf3+
40. Kxf3 b1=Q 41. Qe6+ Rf7 42. Rc4 Qb7+ 43. Ke2 Qb5 44. Kf3 Be5 45. Rc6 Qd3+
46. Kg2 Qe4+ 47. Kf1 Bd4 48. Qg6+ Bg7 49. Rc8+ Rf8 50. Rxf8+ Kxf8 51. g4 Qc4+
52. Kg2 Qd5+ 53. Kg3 Qd3+ 54. Kg2 Qe4+ 55. Kg1 Qb1+ 56. Kg2 Qb7+ 57. Kg1 fxg4
58. Qxg4 Bf6 59. h4 Qg7 1/2-1/2